Statistics for Capital Cities Whose Name Start With Saint

Click here to take the quiz!

General Stats

  • This quiz has been taken 34 times
  • The average score is 7 of 8

Answer Stats

Capital% Correct
Santo Domingo
91%
São Tomé
91%
St. George's
88%
San Salvador
84%
St. John's
84%
San Jose
78%
Santiago
75%
San Marino
59%

Score Distribution

Percentile by Number Answered

Percent of People with Each Score

Your Score History

You have not taken this quiz